Recetario de juegos / (Registro nro. 30945)
[ vista simple ]
| 000 -CABECERA | |
|---|---|
| campo de control de longitud fija | 01207nam a22002057a 4500 |
| 008 - CÓDIGOS DE INFORMACIÓN DE LONGITUD FIJA | |
| fixed length control field | 250211b |||||||| |||| 00| 0 eng d |
| 020 ## - NÚMERO INTERNACIONAL NORMALIZADO PARA LIBROS | |
| ISBN | 9789587241082 |
| 040 ## - Fuente de catalogación | |
| Agencia original de catalogación | CO-JMCR |
| Lenguaje de catalogación | spa |
| Agencia de transcripción | CO-JMCR |
| Agencia de modificación | CO-JMCR |
| Convenciones de descripción | rda |
| 041 0# - CÓDIGO DE LENGUA | |
| Código idioma | spa |
| 082 04 - NÚMERO DE LA CLASIFICACIÓN DECIMAL DEWEY | |
| Número de clasificación Decimal | P |
| Número de documento (Cutter) | MARr1 |
| 100 1# - PUNTO DE ACCESO PRINCIPAL-NOMBRE DE PERSONA | |
| Término de función/relación | autor |
| Nombre personal | Marianidis, Carlos, |
| 9 (RLIN) | 44062 |
| 245 10 - TÍTULO PROPIAMENTE DICHO | |
| Título | Recetario de juegos / |
| Mención de responsabilidad, etc. | Carlos Marianidis, |
| 300 ## - DESCRIPCIÓN FÍSICA | |
| Extensión | 47 páginas : |
| Otros detalles físicos | ilustraciones ; |
| Dimensiones | 19 cm. |
| 500 ## - NOTA GENERAL | |
| Nota general | A partir de los 8 años. |
| 520 3# - RESUMEN, ETC. | |
| Resumen,etc. | ¿Cómo domar un árbol o pintar sin pincel? ¿Cómo crear colores y qué se puede hacer un lunes sin clases? ¿Qué brota entre las maderas de un viejo vagón abandonado? ¿A qué se parecen las nubes del atardecer? El libro que tienes en tus manos es una especie de guía que el autor ha inventado para que los niños pongan a volar su imaginación, sin más juguetes que los de la propia fantasía. Las páginas están pensadas en versos que forman poemas. Poemas, sí. Palabras que riman, elegidas con cuidado y puestas de una manera en que parecen tener cierta música. |
| 650 14 - TÉRMINO DE MATERIA | |
| 9 (RLIN) | 44063 |
| 650 24 - TÉRMINO DE MATERIA | |
| 9 (RLIN) | 568 |
| 650 24 - TÉRMINO DE MATERIA | |
| 9 (RLIN) | 1249 |
| Withdrawn status | Lost status | Source of classification or shelving scheme | Damaged status | Not for loan | Collection code | Home library | Current library | Shelving location | Date acquired | Total Checkouts | Full call number | Barcode | Date last seen | Copy number | Price effective from | Koha item type |
|---|---|---|---|---|---|---|---|---|---|---|---|---|---|---|---|---|
| Dewey Decimal Classification | Fiction | Biblioteca Pública José María del Castillo y Rada | Biblioteca Pública José María del Castillo y Rada | Children's Area | 02/23/2022 | P MARr1 | 201811141 | 02/11/2025 | Ej.1 | 02/11/2025 | Books |